000 00444pab a2200169 454500
008 180718b2012 xxu||||| |||| 00| 0 eng d
100 _aHarish Kumar
245 _aTalent retention in higher educational institutions with reference to academic staff
260 _c2012
300 _ap.8-12.
362 _a10 Sep
650 _aEducational personnel
700 _aNegi, Sanjay
773 _aUniversity News
908 _aN
909 _a97920
999 _c97919
_d97919